Integración económica e ideologías sobre el desarrollo /
Shranjeno v:
| Glavni avtor: | |
|---|---|
| Format: | Texto |
| Jezik: | Spanish |
| Teme: | |
| Oznake: |
Označite
Brez oznak, prvi označite!
|
MARC
| LEADER | 00000 a a2200000 04500 | ||
|---|---|---|---|
| 001 | 44276 | ||
| 003 | cru CRAI/IIS | ||
| 005 | 20210511104446.0 | ||
| 008 | 210511b |||||||| |||| 00| 0 spa d | ||
| 040 | |c cru CRAI/IIS | ||
| 100 | 1 | |a Lizano Fait, Eduardo |9 201 |d 1934- | |
| 245 | 1 | |a Integración económica e ideologías sobre el desarrollo / |c Eduardo Lizano | |
| 500 | |a Colección Centroamérica | ||
| 650 | |a INTEGRACION ECONOMICA | ||
| 650 | |a DESARROLLO ECONOMICO | ||
| 773 | |g volumen42, número2 (1980),Páginas 883-905 | ||
| 773 | 0 | |0 42271 |9 5592 |a Instituto de Investigaciones Sociales. Universidad Nacional Autónoma de México |d México: UNAM. IIS |o 15189 |t Revista Mexicana de Sociología / | |
| 942 | |2 ddc |c PP | ||
| 999 | |c 24667 |d 24667 | ||
